Sports Quiz

Random Sports or University Quiz
Score 0/20 Timer 07:00
0 Plays Today
Hint Answer % Correct
StateAlabama
98%
Team ColorForest Green
89.8%
Team ColorOld Gold
80.3%
CityBirmingham
78.8%
No. of Women's Varsity Sports11
74.8%
NicknameBlazers
74.3%
No. of Men's Varsity Sports7
70.1%
MascotBlaze
66%
Famous Alum: WR Roddy _____White
60.5%
ConferenceC-USA
59.6%
Hint Answer % Correct
Primary RivalSouthern Miss
41.5%
Primary RivalTroy
40.1%
Famous Alum: QB ___ WebbJoe
38.8%
Football StadiumLegion Field
32%
Basketball ArenaBartow Arena
30.4%
Athletic DirectorMark Ingram
21.1%
Baseball StadiumRegions Field
19%
Fight SongUAB Fight Song
15.6%
Famous Alum: SG Oliver _________Robinson
15.6%
Famous Alum: PF _______ SharpeWalter
14.3%
Remove Ads.
Support Sporcle.
Get the best of Sporcle when you Go Orange. This ad-free experience offers more features, more stats, and more fun while also helping to support Sporcle. Thank you for becoming a member.

You're not logged in!

Compare scores with friends on all Sporcle quizzes.
OR
Log In

Show Comments

Extras

Top Quizzes Today


Score Distribution

Your Account Isn't Verified!

In order to create a playlist on Sporcle, you need to verify the email address you used during registration. Go to your Sporcle Settings to finish the process.

Report this User

Report this user for behavior that violates our Community Guidelines.

Details: